| 000 | 004160000a22001810004500 | ||
|---|---|---|---|
| 003 | MACL | ||
| 005 | 20150909124205.0 | ||
| 008 | 150909b xxu||||| |||| 00| 0 eng d | ||
| 040 |
_aMACL _cMACL |
||
| 041 | _aEnglish | ||
| 082 | _a821/SET | ||
| 100 |
_aSeth, Vikram _96968 |
||
| 245 | _aMappings | ||
| 260 |
_bViking Publishers _c1994 _aNew Delhi |
||
| 350 | _a100 | ||
| 650 |
_apoetry _99482 |
||
| 942 |
_cBK _k821 _2ddc |
||
| 999 |
_c3320 _d3320 |
||